[Event "West Bromwich Midland op-A"]
[Site "West Bromwich"]
[Date "2017.08.12"]
[Round "3"]
[White "Uddin, Moin"]
[Black "Ireland, David J"]
[Result "0-1"]
[WhiteElo "1739"]
[BlackElo "1947"]
[PlyCount "54"]
[EventDate "2017.08.11"]
[EventType "swiss"]
[EventRounds "5"]
[EventCountry "ENG"]
[SourceTitle "CBM 180 Extra"]
[Source "ChessBase"]
[SourceDate "2017.10.06"]
[SourceVersion "1"]
[SourceVersionDate "2017.10.06"]
[SourceQuality "1"]

1. e4 e5 2. Nf3 Nf6 3. Nc3 Nc6 4. Bc4 Bc5 5. d3 d6 6. Bg5 h6 7. Bxf6 Qxf6 8. Nd5 Qd8 9. a4 Ne7 10. c3 c6 11. Nxe7 Qxe7 12. a5 a6 13. h3 Be6 14. Qb3 Bxc4 15. Qxc4 Rd8 16. 0-0 0-0 17. b4 Ba7 18. Rad1 d5 19. exd5 cxd5 20. Qb3 Rfe8 21. Rde1 Qf6 22. Re2 e4 23. Rfe1 Qc6 24. dxe4 dxe4 25. Nd2 e3 26. fxe3 Rxe3 27. Rxe3 Rxd2 0-1

[Event "Birmingham 4NCL op 1st"]
[Site "Birmingham"]
[Date "2015.01.31"]
[Round "3"]
[White "Uddin, Moin"]
[Black "Stepanyan, Henrik"]
[Result "0-1"]
[WhiteElo "1765"]
[BlackElo "2042"]
[PlyCount "64"]
[EventDate "2015.01.30"]
[EventType "swiss"]
[EventRounds "5"]
[EventCountry "ENG"]
[SourceTitle "EXT 2023"]
[Source "ChessBase"]
[SourceDate "2022.10.05"]
[SourceVersion "1"]
[SourceVersionDate "2022.10.05"]
[SourceQuality "1"]

1. e4 e5 2. Nf3 Nc6 3. d4 exd4 4. Bc4 Nf6 5. e5 d5 6. Bb5 Ne4 7. Nxd4 Bd7 8. Nxc6 Bxc6 9. Bxc6+ bxc6 10. 0-0 Bc5 11. c4 0-0 12. Qg4 Qe7 13. Bf4 Bd4 14. Nc3 Nxc3 15. bxc3 Bxc3 16. cxd5 Bxa1 17. Rxa1 cxd5 18. Bh6 Qxe5 19. Rf1 Qf6 20. Bg5 Qg6 21. Qh4 h6 22. Be3 Rfe8 23. Qa4 Qe4 24. Qc6 d4 25. Qxe4 Rxe4 26. Bd2 c5 27. Rc1 Re2 28. Ba5 Rxa2 29. Bc7 d3 30. g3 d2 31. Rd1 c4 32. Be5 Re8 0-1

[Event "BCF-chT4 0607 (4NCL)"]
[Site "Sunningdale"]
[Date "2007.05.27"]
[Round "10.86"]
[White "Kay, Jonathan"]
[Black "Uddin, Moin"]
[Result "1-0"]
[WhiteElo "2000"]
[BlackElo "1835"]
[PlyCount "47"]
[EventDate "2006.09.16"]
[EventType "team"]
[EventRounds "11"]
[EventCountry "ENG"]
[SourceTitle "EXT 2008"]
[Source "ChessBase"]
[SourceDate "2007.11.25"]
[SourceVersion "1"]
[SourceVersionDate "2007.11.25"]
[SourceQuality "1"]
[WhiteTeam "Athenaeum"]
[BlackTeam "Halesowen"]
[WhiteTeamCountry "ENG"]
[BlackTeamCountry "ENG"]

1. e4 d5 2. exd5 Nf6 3. c4 e6 4. dxe6 Bxe6 5. Nc3 Nc6 6. Nf3 Qe7 7. Be2 Bxc4 8. 0-0 Bxe2 9. Nxe2 0-0-0 10. d4 h6 11. Bf4 g5 12. Be5 Nxe5 13. Nxe5 Bg7 14. Qa4 Rd6 15. Rac1 Nd5 16. Qxa7 Bxe5 17. dxe5 Qxe5 18. Qc5 Rhd8 19. Nd4 Qf6 20. Nb5 Rc6 21. Na7+ Kd7 22. Qxd5+ Rd6 23. Qxb7 Ke8 24. Nc6 1-0